Steal This Classroom (Record no. 182229)
[ view plain ]
| 000 -LEADER | |
|---|---|
| fixed length control field | 00441nmm a2200133Ia 4500 |
| 100 ## - MAIN ENTRY--PERSONAL NAME | |
| Personal name | Cohen ; Dalke |
| 245 #0 - TITLE STATEMENT | |
| Title | Steal This Classroom |
| 260 ## - PUBLICATION, DISTRIBUTION, ETC. (IMPRINT) | |
| Place of publication | Punctum Books |
| Year of publication | 2019 |
| 650 ## - SUBJECT ADDED ENTRY--TOPICAL TERM | |
| Topical Term | Film Studies ; Communication Studies ; Latin American Studies ; African Studies ; Asian Studies |
| 856 ## - ELECTRONIC LOCATION AND ACCESS | |
| Uniform Resource Identifier | https://www.jstor.org/stable/10.2307/jj.2353837 |
| 942 ## - ADDED ENTRY ELEMENTS (KOHA) | |
| Koha item type | |
| Withdrawn status | Lost status | Damaged status | Not for loan | Permanent Location | Current Location | Date acquired | Price effective from | Koha item type |
|---|---|---|---|---|---|---|---|---|
| Library and Documentation Division NCERT | Library and Documentation Division NCERT | 11/19/2024 | 11/19/2024 |





